000 00874nas a2200265 4500
001 BR9202880
003 BR-BrBNA
005 20231205092554.0
007 ta
008 230509b bl.|||p| |||| 00| 00por d
040 _aBR-BrBNA
_bpor
_cBiblioteca Nacional de Agricultura
041 _a(Pt)
072 _aP33
100 1 _aCalheiros, R. de O.
100 1 _aRossetto, R.
100 1 _aMachado, P.
245 1 _aCaracteristicas fisico-hidricas de um glei pouco humico argiloso no estado do Parana
246 1 _aPhysical-hydrics parameters of a humic glei soil from Parana state, Brazil
650 _aFISICA DO SOLO
650 _aSOLO ARGILOSO
650 _aPARANÁ
773 0 _tRevista Brasileira de Ciencia do Solo (Brazil)
_xISSN 0100-0683
_g(May-Aug 1991), v. 15(2) p. 129-134
_wBR9202880
909 _a202311
_bLúcia
_c55
_dLúcia Elande
942 _2AGRIS
_n0
_cANA
999 _c132583
_d132583